[Event "Moscow Ivi GP"]
[Site "Moscow"]
[Date "2024.10.10"]
[Round "8"]
[White "Sitnikov, Anton"]
[Black "Faizrakhmanov, Ramil"]
[Result "0-1"]
[WhiteElo "2342"]
[BlackElo "2424"]
[PlyCount "150"]
[EventDate "2024.10.05"]
[EventType "swiss"]
[EventRounds "10"]
[EventCountry "RUS"]
[SourceTitle "CB45_2024"]
[Source "ChessBase"]
[SourceDate "2024.11.06"]
[SourceVersion "1"]
[SourceVersionDate "2024.11.06"]
[SourceQuality "1"]

1. e4 c5 2. Nc3 d6 3. f4 g6 4. Nf3 Bg7 5. Bb5+ Bd7 6. Bc4 Nc6 7. d3 Na5 8. e5 Nxc4 9. dxc4 Bc6 10. Qe2 Nh6 11. Be3 Nf5 12. 0-0-0 0-0 13. Bxc5 Qa5 14. Ba3 Bxf3 15. Qxf3 dxe5 16. Rd5 Qa6 17. fxe5 Qxc4 18. Kb1 h5 19. Rc5 Qa6 20. Nd5 Rac8 21. Re1 Rxc5 22. Bxc5 Re8 23. c3 Qc6 24. Bxa7 Rd8 25. Ne3 Qxf3 26. gxf3 Nh4 27. f4 Bh6 28. Rf1 Rd2 29. a4 Rxh2 30. a5 Rh3 31. b4 Nf3 32. Nc4 Bxf4 33. b5 Nd2+ 34. Nxd2 Bxd2 35. a6 bxa6 36. bxa6 Rxc3 37. Bd4 Ra3 38. a7 Bc3 39. Bc5 Ra6 40. e6 fxe6 41. Kc2 Be5 42. Rf3 Bd6 43. Ra3 Rxa7 44. Bxd6 Rd7 45. Bb8 g5 46. Rd3 Rb7 47. Be5 Kf7 48. Kd2 Kg6 49. Ke2 Kf5 50. Bc3 h4 51. Rf3+ Kg4 52. Rf7 h3 53. Rh7 Rb3 54. Be1 e5 55. Kf2 Rb2+ 56. Kf1 e4 57. Rxe7 h2 58. Rh7 e3 59. Rh8 Kf4 60. Rf8+ Ke4 61. Re8+ Kf5 62. Rf8+ Kg6 63. Rh8 g4 64. Rh4 Kf5 65. Rh8 Rd2 66. Rh7 Ke4 67. Rh8 Kd3 68. Rh7 Ra2 69. Rh8 e2+ 70. Kf2 Ra1 71. Rd8+ Kc4 72. Rc8+ Kd5 73. Rd8+ Kc6 74. Rh8 g3+ 75. Kxg3 Rxe1 0-1

[Event "Moscow Ivi GP"]
[Site "Moscow"]
[Date "2024.10.06"]
[Round "4"]
[White "Popov, Konstantin"]
[Black "Faizrakhmanov, Ramil"]
[Result "1/2-1/2"]
[WhiteElo "2376"]
[BlackElo "2424"]
[PlyCount "222"]
[EventDate "2024.10.05"]
[EventType "swiss"]
[EventRounds "10"]
[EventCountry "RUS"]
[SourceTitle "CB45_2024"]
[Source "ChessBase"]
[SourceDate "2024.11.06"]
[SourceVersion "1"]
[SourceVersionDate "2024.11.06"]
[SourceQuality "1"]

1. e4 c6 2. d4 d5 3. e5 Bf5 4. Bd3 Bxd3 5. Qxd3 Qa5+ 6. Nd2 e6 7. Ne2 c5 8. c4 cxd4 9. 0-0 Nc6 10. Nxd4 Nxd4 11. Qxd4 Ne7 12. b3 Nf5 13. Qf4 Be7 14. Nf3 h6 15. cxd5 Qxd5 16. Ba3 0-0 17. Rfd1 Qa5 18. g4 Bxa3 19. gxf5 exf5 20. Qxf5 Rae8 21. Rd7 Bb2 22. Re1 Qxa2 23. Rxb7 Qa6 24. Rd7 Re6 25. h4 Rg6+ 26. Kh2 Qc6 27. h5 Re6 28. Red1 g6 29. Qf4 Qc5 30. Kg2 Bxe5 31. Qxh6 Bg7 32. Qg5 Qb4 33. h6 Bxh6 34. Qg3 Re4 35. R1d4 Rxd4 36. Nxd4 Qc5 37. Qf3 a5 38. Qd5 Qxd5+ 39. Rxd5 Ra8 40. Nc6 a4 41. bxa4 Rxa4 42. Rd7 Rg4+ 43. Kf3 Rf4+ 44. Kg3 Kg7 45. Ne5 Rf5 46. Ng4 Bf4+ 47. Kg2 Ra5 48. Rb7 Ra4 49. Rd7 Bb8 50. f3 Ra2+ 51. Kf1 Bg3 52. Rb7 Rc2 53. Rd7 Bf4 54. Ke1 g5 55. Ra7 Rc6 56. Ke2 Re6+ 57. Kf1 Kg6 58. Ra3 Rb6 59. Nf2 Rb1+ 60. Kg2 Rb2 61. Kf1 f6 62. Ra6 Be5 63. Ng4 Bd4 64. Rd6 Rb4 65. Ke2 Kf5 66. Kd3 Be5 67. Nxe5 Kxe5 68. Ra6 Rb3+ 69. Ke2 f5 70. Kf2 Rb2+ 71. Kg3 f4+ 72. Kh3 Kf5 73. Ra5+ Kg6 74. Ra6+ Kh5 75. Ra8 Rf2 76. Ra3 Re2 77. Ra8 Re1 78. Kg2 Kg6 79. Kf2 Rd1 80. Ke2 Rb1 81. Kf2 Rb2+ 82. Kf1 Kf6 83. Ra5 Rd2 84. Rb5 Rd3 85. Ke2 Re3+ 86. Kf2 Re5 87. Rb8 Ke6 88. Re8+ Kd5 89. Rxe5+ Kxe5 90. Ke2 Kf5 91. Kf1 Ke6 92. Ke2 Ke5 93. Kd3 Ke6 94. Ke2 Kd6 95. Kd2 Ke7 96. Ke1 Kf7 97. Kf1 Kf6 98. Kf2 Kf5 99. Kf1 Ke5 100. Ke2 Kd4 101. Kd2 Kc4 102. Kc2 Kd5 103. Kd3 Ke5 104. Ke2 Kf5 105. Kf1 g4 106. fxg4+ Kxg4 107. Kg2 f3+ 108. Kf2 Kf4 109. Kf1 Ke3 110. Ke1 f2+ 111. Kf1 Kf3 1/2-1/2

[Event "FIDE World Bl Team Pool D"]
[Site "Almaty"]
[Date "2024.08.05"]
[Round "5.15"]
[White "Akhmetov, Ayan"]
[Black "Faizrakhmanov, Ramil"]
[Result "0-1"]
[WhiteElo "2380"]
[BlackElo "2424"]
[PlyCount "39"]
[EventDate "2024.08.05"]
[EventType "team (blitz)"]
[EventRounds "7"]
[EventCountry "KAZ"]
[SourceTitle "CBM 221 Extra"]
[Source "ChessBase"]
[SourceDate "2024.09.30"]
[SourceVersion "1"]
[SourceVersionDate "2024.09.30"]
[SourceQuality "1"]
[WhiteTeam "Astana II"]
[BlackTeam "World Champ Higher School"]
[WhiteTeamCountry "KAZ"]

1. d4 Nf6 2. Nf3 d5 3. Bf4 c5 4. e3 Nc6 5. Nbd2 Nh5 6. Bg3 Nxg3 7. hxg3 cxd4 8. exd4 g6 9. c3 Bg7 10. Bd3 Bg4 11. 0-0 0-0 12. a4 Rc8 13. Re1 e5 14. dxe5 Nxe5 15. Be2 Nxf3+ 16. Nxf3 d4 17. Nxd4 Bxe2 18. Rxe2 Qb6 19. Nf3 Rfd8 20. Qc1 0-1

[Event "FIDE World Bl Team Pool D"]
[Site "Almaty"]
[Date "2024.08.05"]
[Round "2.15"]
[White "Faizrakhmanov, Ramil"]
[Black "Kalikhan, Abilmansur"]
[Result "1-0"]
[WhiteElo "2424"]
[BlackElo "1670"]
[PlyCount "53"]
[EventDate "2024.08.05"]
[EventType "team (blitz)"]
[EventRounds "7"]
[EventCountry "KAZ"]
[SourceTitle "CBM 221 Extra"]
[Source "ChessBase"]
[SourceDate "2024.09.30"]
[SourceVersion "1"]
[SourceVersionDate "2024.09.30"]
[SourceQuality "1"]
[WhiteTeam "World Champ Higher School"]
[BlackTeam "Abai Gambit Pioneers"]
[BlackTeamCountry "KAZ"]

1. d4 Nf6 2. c4 c5 3. d5 e6 4. Nc3 exd5 5. cxd5 d6 6. Nf3 g6 7. Bf4 a6 8. a4 Bg7 9. e3 0-0 10. h3 Qc7 11. Be2 Bf5 12. Nd2 Re8 13. 0-0 Bd7 14. Nc4 Ne4 15. Nxe4 Rxe4 16. Bxd6 Qd8 17. Bxc5 b5 18. axb5 Bxb5 19. Nb6 Bxe2 20. Qxe2 Ra7 21. Rfd1 Rb7 22. Nc4 Qc7 23. Nd6 Rxb2 24. Qf3 Qxc5 25. Qxf7+ Kh8 26. Nxe4 a5 27. Nxc5 1-0

[Event "FIDE World Bl Team Pool D"]
[Site "Almaty"]
[Date "2024.08.05"]
[Round "4.3"]
[White "Faizrakhmanov, Ramil"]
[Black "Vidit, Santosh Gujrathi"]
[Result "1/2-1/2"]
[WhiteElo "2424"]
[BlackElo "2720"]
[PlyCount "36"]
[EventDate "2024.08.05"]
[EventType "team (blitz)"]
[EventRounds "7"]
[EventCountry "KAZ"]
[SourceTitle "CBM 221 Extra"]
[Source "ChessBase"]
[SourceDate "2024.09.30"]
[SourceVersion "1"]
[SourceVersionDate "2024.09.30"]
[SourceQuality "1"]
[WhiteTeam "World Champ Higher School"]
[BlackTeam "Chessy"]
[BlackTeamCountry "FRA"]

1. d4 d5 2. c4 c6 3. Nc3 Nf6 4. e3 e6 5. Nf3 Nbd7 6. Qc2 Bd6 7. b3 0-0 8. Be2 b6 9. 0-0 Bb7 10. Bb2 Qe7 11. Rfe1 Rfe8 12. Rad1 Rad8 13. e4 dxe4 14. Nxe4 Nxe4 15. Qxe4 Bb4 16. Rf1 Bd6 17. Rfe1 Bb4 18. Rf1 Bd6 1/2-1/2